Dnešek nezávislý týdeník

Bibliographic Details
Format: Journal
Language:Czech
PhysicalDescription:3 zv. cm
Published: Praha Sdružení kulturních organisací 1946-1948
Subjects:

MARC

LEADER 00000cas a2200000 a 4500
001 vtls008856749
003 SK-MaSNL
005 20260228161413.0
008 061020d19461948xr wr p 0 0cze c
040 |a SNK  |b slo  |c SNK  |e AACR2 
041 0 |a cze 
044 |a xr  |c CZ 
072 7 |a 316  |x Sociológia  |2 konspekt 
080 |a 316.728  |2 2011 
080 |a 050  |2 2011 
080 |a (051)  |2 2011 
245 0 0 |a Dnešek  |b nezávislý týdeník 
260 |a Praha  |b Sdružení kulturních organisací  |c 1946-1948 
300 |a 3 zv.  |c cm 
310 |a 1x týždenne 
362 0 |a Roč. 1 (březen 1946)-roč. 2 (únor 1948) 
500 |a Redaktor: Ferdinand Peroutka 
650 0 7 |a spoločenský život  |2 SNKPH  |9 28654 
655 7 |a časopisy  |2 SNKPH  |9 76610 
910 |a snk 
999 |c 5239  |d 7169 
952 |0 0  |1 1  |4 0  |7 0  |a SNK  |b SNK  |d 2006-10-20  |l 0  |o snkČB 359/1/1946  |p 17A0523858  |r 2026-02-21 20:18:28  |t č. 1-26  |w 2026-02-21  |y PREZ